| 000 | 00697cam a2200217u 4500 | ||
|---|---|---|---|
| 001 | 000011768 | ||
| 005 | 20200929162546.0 | ||
| 008 | 821213s1973 sp a 000 0 spa | ||
| 010 | _a74311352 | ||
| 020 | _a842491189x | ||
| 040 |
_aDO-SdBNP _cCarP _dDLC |
||
| 082 |
_a415 _bH131t |
||
| 100 | 1 |
_aHadlich, Roger L. [from old catalog] _927835 |
|
| 240 | 0 | 0 | _aTransformational grammar of spanish. Spanish. [from old catalog] |
| 245 | 1 | 0 |
_aGramática transformativa del espanol / _cRoger L. Hadlich. |
| 260 |
_aMadrid : _bGredos, _c[1973]. |
||
| 300 |
_a464 p. : _billus. ; _c21 cm. |
||
| 650 | 4 |
_aEspañol _xGramática generativa _927833 |
|
| 910 | _aCatalogación por copia / LC | ||
| 049 | _aBNGR | ||
| 999 |
_c11442 _d11442 |
||